Представление документа в формате MARC21

ПолеНазваниеЗначение
  Тип записи a
  Библиографический уровень m
001 Контрольный номер RU\infra-m\znanium\bibl\2233197
005 Дата корректировки 20260429142105.8
008 Кодируемые данные 260216s2026 RU g rus u
020 Индекс ISBN __
a ISBN 978-5-16-021641-6
020 Индекс ISBN __
a ISBN 978-5-16-114428-2 (электр. издание)
040 Источник каталогиз. __
a Служба первич. каталог. Общество с ограниченной ответственностью «ЗНАНИУМ»
041 Код языка издания __
a Код языка текста rus
044 Код страны публикации __
a Код страны публикации RU
080 Индекс УДК __
a Индекс УДК 612(075.8)
084 Индекс другой классификации/Индекс ББК __
2 Источник индекса rubbk
a Индекс другой классификации/Индекс ББК 28.707.3я73
084 Индекс другой классификации/Индекс ББК __
2 Источник индекса okso
a Индекс другой классификации/Индекс ББК 06.04.01
084 Индекс другой классификации/Индекс ББК __
2 Источник индекса okso
a Индекс другой классификации/Индекс ББК 30.05.03
084 Индекс другой классификации/Индекс ББК __
2 Источник индекса okso
a Индекс другой классификации/Индекс ББК 31.05.01
084 Индекс другой классификации/Индекс ББК __
2 Источник индекса okso
a Индекс другой классификации/Индекс ББК 31.05.02
084 Индекс другой классификации/Индекс ББК __
2 Источник индекса okso
a Индекс другой классификации/Индекс ББК 31.05.03
084 Индекс другой классификации/Индекс ББК __
2 Источник индекса okso
a Индекс другой классификации/Индекс ББК 31.05.04
084 Индекс другой классификации/Индекс ББК __
2 Источник индекса okso
a Индекс другой классификации/Индекс ББК 49.03.01
084 Индекс другой классификации/Индекс ББК __
2 Источник индекса okso
a Индекс другой классификации/Индекс ББК 49.03.02
084 Индекс другой классификации/Индекс ББК __
2 Источник индекса okso
a Индекс другой классификации/Индекс ББК 49.03.03
100 Автор __
a Автор Мельник В.А.
q Полное имя Мельник Виктор Александрович
u Дополнение Белорусский государственный медицинский университет
245 Заглавие __
a Заглавие Human physiology = Физиология человека. В 2 ч. Ч.2
b Продолж. заглавия Учебное пособие
c Ответственность Белорусский государственный медицинский университет; УО "Гомельский государственный медицинский университет"
250 Сведения об издании __
a Основные сведения об издании 1
260 Выходные данные __
a Место издания Москва
b Издательство ООО "Научно-издательский центр ИНФРА-М"
c Дата издания 2026
300 Физическое описание __
a Объем 315 с.
440 Серия __
a Серия Высшее образование (ГомГМУ)
520 Аннотация __
a Аннотация Вторая часть учебного пособия содержит информацию о физиологии кровообращения пищеварения обмена веществ и энергии терморегуляции выделения сенсорных систем и интегративной деятельности мозга. Каждый раздел заканчивается тестовым контролем. В конце учебного издания представлены базовые константы физиологических систем в Международной системе физических единиц (СИ). Предназначено для студентов медицинских университетов обучающихся на английском языке.
521 Примеч. о цел. назн. __
a Примеч. о целев. назн. Профессиональное образование
650 Тематические рубрики __
a Основная рубрика Медицина. Фармакология
x Основная подрубрика Анатомия и физиология человека
655 Указ. предметных рубрик (устаревшее) __
a Жанр/ форма (устаревшее) Учебное пособие
700 Другие авторы __
a Другие авторы Мельник С.Н.
q Полное имя Мельник Светлана Николаевна
u Дополнение УО "Гомельский государственный медицинский университет"
700 Другие авторы __
a Другие авторы Брель Ю.И.
q Полное имя Брель Юлия Игоревна
856 Электронный адрес документа 4_
a Имя сервера/домена znanium.ru
m Помощь ebs_support@infra-m.ru
n Местонахождение сервера НИЦ ИНФРА-М
u URL https://znanium.ru/catalog/document?id=477076
856 Электронный адрес документа 48
a Имя сервера/домена znanium.ru
d Путь /cover/2233
f Электронное имя 2233197.jpg
q Тип электронного формата image/jpeg
u URL https://znanium.ru/cover/2233/2233197.jpg
911 __
u 0030=https://znanium.ru/catalog/document?id=477076
911 __
u 712a=УО "Гомельский государственный медицинский университет"